Postmortem /

שמור ב:
מידע ביבליוגרפי
מחבר ראשי: Cornwell, Patricia Daniels (Author)
מחברים אחרים: Amante, Marco (Translator)
פורמט: ספר
שפה:איטלקית
יצא לאור: Milano : A. Mondadori, 1995
סדרה:I miti ; 017
תגים: הוספת תג
אין תגיות, היה/י הראשונ/ה לתייג את הרשומה!

MARC

LEADER 00000nam a22000007i 4500
001 IT\ICCU\LO1\0613045
003 ItRI
005 20260115231848.0
008 020527s1995 it |||||| ||||| |||||c
020 |a 8804409797 
040 |b ita  |c importazione bologna sebina 
041 7 |a ita  |2 ISO-639-2 
100 1 |a Cornwell, Patricia Daniels  |0 IT\ICCU\RAVV\071004  |4 aut 
240 1 0 |a Postmortem  |3 IT\ICCU\RAV\0231534  |9 Cornwell, Patricia Daniels 
245 1 0 |a Postmortem /  |c Patricia Cornwell ; traduzione di Marco Amante. 
260 |a Milano :  |b A. Mondadori,  |c 1995 
300 |a 360 p. ;  |c 18 cm. 
700 1 |a Amante, Marco  |0 IT\ICCU\CFIV\035538  |4 trl 
790 1 |a Cornwell, Patricia D.  |3 IT\ICCU\RMBV\004817  |z Cornwell, Patricia Daniels 
790 1 |a Cornwell, Patricia  |3 IT\ICCU\CFIV\265063  |z Cornwell, Patricia Daniels 
830 2 |a I miti ;  |v 017  |0 IT\ICCU\RMR\0047277 
942 |2 ddc  |c BK  |n 0 
952 |0 0  |1 0  |4 0  |6 DOC_813_540000000000000_COR  |7 0  |9 14525  |a BO  |b BO  |d 2026-01-15  |i 9110  |l 0  |o DOC 813.54 COR  |p BO9110  |r 2026-01-15 23:18:48  |w 2026-01-15  |x [Sebina 5] [1 v.]  |y BK  |z 1 v. 
999 |c 12530  |d 12530